[Event "Deutsche Ländermeisterschaft 2025"]
[Site "Oer-Erkenschwick GER"]
[Date "2025.10.02"]
[Round "3"]
[White "Spriestersbach, Kai"]
[Black "Sauer, Tim"]
[Result "1/2-1/2"]
[Termination "normal"]
[Board "5.1"]
[WhiteTitle "FM"]
[BlackTitle "CM"]
[WhiteElo "2194"]
[BlackElo "2234"]
[WhiteClock "00:37:13"]
[BlackClock "00:00:41"]
[WhiteTeam "Nordrhein-Westfalen 2"]
[BlackTeam "Niedersachsen"]
[PlyCount "159"]
[WhiteFideId "16269985"]
[BlackFideId "16265726"]
[EventCountry "GER"]
[EventRounds "7"]
[EventType "team-swiss"]
[EventDate "2025.09.30"]

1. e4 {[%clk 01:30:58]} c5 {[%clk 01:30:52]} {[%emt 00:00:09]} 2. Nf3 {[%clk
01:31:22]} {[%emt 00:00:05]} Nc6 {[%clk 01:30:58]} {[%emt 00:00:24]} 3. d4
{[%clk 01:31:29]} {[%emt 00:00:24]} cxd4 {[%clk 01:31:23]} {[%emt 00:00:06]} 4.
Nxd4 {[%clk 01:31:53]} {[%emt 00:00:04]} e6 {[%clk 01:31:46]} {[%emt 00:00:08]}
5. Nc3 {[%clk 01:31:03]} {[%emt 00:01:20]} Qc7 {[%clk 01:32:07]} {[%emt
00:00:09]} 6. Be2 {[%clk 01:29:02]} {[%emt 00:02:31]} a6 {[%clk 01:32:23]}
{[%emt 00:00:14]} 7. a3 {[%clk 01:29:21]} {[%emt 00:00:11]} Nf6 {[%clk
01:32:28]} {[%emt 00:00:25]} 8. f4 {[%clk 01:29:24]} {[%emt 00:00:26]} Nxd4
{[%clk 01:32:21]} {[%emt 00:00:38]} 9. Qxd4 {[%clk 01:29:52]} {[%emt 00:00:02]}
Bc5 {[%clk 01:32:42]} {[%emt 00:00:09]} 10. Qd3 {[%clk 01:30:17]} {[%emt
00:00:04]} d5 {[%clk 01:32:52]} {[%emt 00:00:21]} 11. e5 {[%clk 01:30:41]}
{[%emt 00:00:06]} Nd7 {[%clk 01:33:18]} {[%emt 00:00:04]} 12. Be3 {[%clk
01:30:15]} {[%emt 00:00:55]} b5 {[%clk 01:33:03]} {[%emt 00:00:46]} 13. O-O
{[%clk 01:18:42]} {[%emt 00:12:03]} O-O {[%clk 01:32:44]} {[%emt 00:00:49]} 14.
Rad1 {[%clk 01:11:04]} {[%emt 00:08:08]} Bb7 {[%clk 01:31:13]} {[%emt
00:02:00]} 15. Bxc5 {[%clk 01:10:47]} {[%emt 00:00:47]} Qxc5+ {[%clk 01:29:22]}
{[%emt 00:02:22]} 16. Qd4 {[%clk 01:11:10]} {[%emt 00:00:07]} Rac8 {[%clk
01:24:04]} {[%emt 00:05:47]} 17. Rf2 {[%clk 00:58:57]} {[%emt 00:12:43]} g5
{[%clk 00:52:20]} {[%emt 00:32:15]} 18. Qxc5 {[%clk 00:30:32]} {[%emt
00:28:54]} Nxc5 {[%clk 00:36:41]} {[%emt 00:16:10]} 19. fxg5 {[%clk 00:23:30]}
{[%emt 00:07:32]} Nd7 {[%clk 00:35:00]} {[%emt 00:02:10]} 20. Ne4 {[%clk
00:22:55]} {[%emt 00:01:06]} dxe4 {[%clk 00:34:51]} {[%emt 00:00:40]} 21. Rxd7
{[%clk 00:23:19]} {[%emt 00:00:05]} e3 {[%clk 00:34:58]} {[%emt 00:00:23]} 22.
Rf1 {[%clk 00:13:10]} {[%emt 00:10:39]} Rxc2 {[%clk 00:33:16]} {[%emt
00:02:13]} 23. Rxb7 {[%clk 00:13:37]} {[%emt 00:00:02]} Rxe2 {[%clk 00:33:38]}
{[%emt 00:00:09]} 24. Rc7 {[%clk 00:07:27]} {[%emt 00:06:39]} Rxb2 {[%clk
00:26:21]} {[%emt 00:07:48]} 25. Rc3 {[%clk 00:07:43]} {[%emt 00:00:13]} e2
{[%clk 00:21:48]} {[%emt 00:05:03]} 26. Re1 {[%clk 00:07:54]} {[%emt 00:00:19]}
Rd8 {[%clk 00:21:23]} {[%emt 00:00:55]} 27. Kf2 {[%clk 00:07:48]} {[%emt
00:00:36]} Rdd2 {[%clk 00:20:40]} {[%emt 00:01:14]} 28. h4 {[%clk 00:07:30]}
{[%emt 00:00:47]} Kg7 {[%emt 00:10:14]} 29. Rf3 {[%clk 00:04:53]} {[%emt
00:01:06]} Rd4 {[%clk 00:02:29]} {[%emt 00:10:59]} 30. h5 {[%clk 00:05:12]}
{[%emt 00:00:11]} Re4 {[%clk 00:01:45]} {[%emt 00:01:12]} 31. h6+ {[%clk
00:03:09]} {[%emt 00:02:36]} Kg6 {[%emt 00:01:38]} 32. Rf6+ {[%clk 00:03:33]}
{[%emt 00:00:02]} Kxg5 33. Rxf7 Kxh6 {[%clk 00:00:34]} {[%emt 00:00:43]} 34.
Rf6+ {[%clk 00:04:17]} {[%emt 00:00:01]} Kg5 35. Rxe6 Rf4+ {[%clk 00:00:32]}
{[%emt 00:00:42]} 36. Ke3 {[%clk 00:05:05]} {[%emt 00:00:11]} Rb3+ {[%clk
00:00:57]} {[%emt 00:00:06]} 37. Kxe2 {[%clk 00:05:16]} {[%emt 00:00:19]} Re4+
{[%clk 00:00:52]} {[%emt 00:00:34]} 38. Kf1 {[%clk 00:05:45]} {[%emt 00:00:02]}
Rxe1+ {[%clk 00:01:14]} {[%emt 00:00:08]} 39. Kxe1 {[%clk 00:06:13]} Rxa3
{[%clk 00:01:32]} {[%emt 00:00:14]} 40. Kd2 {[%clk 00:05:58]} {[%emt 00:00:45]}
Kf5 {[%clk 00:01:31]} {[%emt 00:00:32]} 41. Rh6 {[%clk 00:05:34]} {[%emt
00:00:54]} Kxe5 {[%clk 00:25:06]} {[%emt 00:06:54]} 42. Rxh7 {[%clk 00:35:48]}
{[%emt 00:00:16]} Rg3 {[%clk 00:18:22]} {[%emt 00:07:14]} 43. Rh6 {[%clk
00:35:29]} {[%emt 00:00:49]} Rxg2+ {[%clk 00:18:36]} {[%emt 00:00:17]} 44. Kc3
{[%clk 00:35:53]} {[%emt 00:00:05]} Ra2 {[%clk 00:18:23]} {[%emt 00:00:43]} 45.
Kb3 {[%clk 00:36:20]} {[%emt 00:00:04]} Ra1 {[%clk 00:16:13]} {[%emt 00:02:39]}
46. Kb2 {[%clk 00:36:24]} {[%emt 00:00:26]} Ra4 {[%clk 00:16:37]} {[%emt
00:00:06]} 47. Kb3 {[%clk 00:36:38]} {[%emt 00:00:16]} Kd5 {[%clk 00:15:21]}
{[%emt 00:01:46]} 48. Rg6 {[%clk 00:31:37]} {[%emt 00:05:31]} Kc5 {[%clk
00:15:30]} {[%emt 00:00:21]} 49. Rh6 {[%clk 00:32:00]} {[%emt 00:00:07]} Rb4+
{[%clk 00:14:57]} {[%emt 00:01:03]} 50. Ka3 {[%clk 00:31:21]} {[%emt 00:01:09]}
a5 {[%clk 00:11:23]} {[%emt 00:04:04]} 51. Rh5+ {[%clk 00:31:23]} {[%emt
00:00:29]} Kd6 {[%clk 00:10:31]} {[%emt 00:01:20]} 52. Rh6+ {[%clk 00:31:20]}
{[%emt 00:00:35]} Kd5 {[%clk 00:10:56]} {[%emt 00:00:05]} 53. Rh5+ {[%clk
00:31:33]} {[%emt 00:00:17]} Ke6 {[%clk 00:10:18]} {[%emt 00:01:07]} 54. Rh6+
{[%clk 00:31:31]} {[%emt 00:00:33]} Ke5 {[%clk 00:10:02]} {[%emt 00:00:45]} 55.
Rh5+ {[%clk 00:31:19]} {[%emt 00:00:42]} Kf6 {[%clk 00:08:56]} {[%emt
00:01:36]} 56. Rc5 {[%clk 00:31:10]} {[%emt 00:00:39]} Kf7 {[%clk 00:08:36]}
{[%emt 00:00:50]} 57. Rh5 {[%clk 00:31:27]} {[%emt 00:00:13]} Ke7 {[%clk
00:09:01]} {[%emt 00:00:05]} 58. Rh7+ {[%clk 00:31:36]} {[%emt 00:00:21]} Kf6
{[%clk 00:09:11]} {[%emt 00:00:20]} 59. Rh5 {[%clk 00:32:01]} {[%emt 00:00:06]}
Ke6 {[%clk 00:08:46]} {[%emt 00:00:54]} 60. Rh6+ {[%clk 00:32:00]} {[%emt
00:00:31]} Kd5 {[%clk 00:09:09]} {[%emt 00:00:06]} 61. Rh5+ {[%clk 00:32:26]}
{[%emt 00:00:06]} Kd4 {[%clk 00:09:21]} {[%emt 00:00:17]} 62. Rh4+ {[%clk
00:32:50]} {[%emt 00:00:06]} Kc3 {[%clk 00:09:46]} {[%emt 00:00:05]} 63. Rh3
{[%clk 00:33:11]} {[%emt 00:00:10]} Kc2 {[%clk 00:10:06]} {[%emt 00:00:09]} 64.
Rh2+ {[%clk 00:33:17]} {[%emt 00:00:25]} Kd3 {[%clk 00:10:18]} {[%emt
00:00:17]} 65. Rh3 {[%clk 00:33:34]} {[%emt 00:00:14]} Ke2 {[%clk 00:10:18]}
{[%emt 00:00:29]} 66. Rh2+ {[%clk 00:33:42]} {[%emt 00:00:23]} Kf3 {[%clk
00:10:39]} {[%emt 00:00:08]} 67. Rh5 {[%clk 00:34:08]} {[%emt 00:00:05]} Kg3
{[%clk 00:10:41]} {[%emt 00:00:28]} 68. Rg5 {[%clk 00:33:56]} {[%emt 00:00:42]}
Kf4 {[%clk 00:10:39]} {[%emt 00:00:32]} 69. Rh5 {[%clk 00:34:17]} {[%emt
00:00:08]} Kf3 {[%clk 00:11:02]} {[%emt 00:00:07]} 70. Rc5 {[%clk 00:34:23]}
{[%emt 00:00:23]} Rb1 {[%clk 00:08:41]} {[%emt 00:02:52]} 71. Ka2 {[%clk
00:34:52]} {[%emt 00:00:02]} Rb4 {[%clk 00:08:45]} {[%emt 00:00:26]} 72. Ka3
{[%clk 00:35:16]} {[%emt 00:00:05]} Ke4 {[%clk 00:07:59]} {[%emt 00:01:16]} 73.
Rh5 {[%clk 00:35:09]} {[%emt 00:00:38]} Rb1 {[%clk 00:08:08]} {[%emt 00:00:21]}
74. Ka2 {[%clk 00:35:25]} {[%emt 00:00:13]} Rb4 {[%clk 00:08:26]} {[%emt
00:00:12]} 75. Ka3 {[%clk 00:35:54]} {[%emt 00:00:01]} Kf3 {[%clk 00:07:41]}
{[%emt 00:01:16]} 76. Rc5 {[%clk 00:36:07]} {[%emt 00:00:17]} Ke3 {[%clk
00:03:22]} {[%emt 00:04:49]} 77. Rh5 {[%clk 00:36:17]} {[%emt 00:00:19]} Ra4+
{[%clk 00:03:21]} {[%emt 00:00:31]} 78. Kb3 {[%clk 00:36:46]} Rb4+ {[%clk
00:01:30]} {[%emt 00:02:23]} 79. Ka3 {[%clk 00:37:13]} {[%emt 00:00:02]} Kf3
{[%clk 00:00:41]} {[%emt 00:01:20]} 80. Rc5 {[%emt 00:02:04]} 1/2-1/2

[Event "Deutsche Ländermeisterschaft 2025"]
[Site "Oer-Erkenschwick GER"]
[Date "2025.10.02"]
[Round "3"]
[White "Sieber, Bert"]
[Black "Vortmeier, Jan"]
[Result "1-0"]
[Termination "normal"]
[Board "5.2"]
[WhiteElo "2177"]
[BlackElo "2196"]
[WhiteClock "00:16:17"]
[BlackClock "00:29:26"]
[WhiteTeam "Niedersachsen"]
[BlackTeam "Nordrhein-Westfalen 2"]
[PlyCount "91"]
[WhiteFideId "16265971"]
[BlackFideId "16261321"]
[EventCountry "GER"]
[EventRounds "7"]
[EventType "team-swiss"]
[EventDate "2025.09.30"]

1. d4 {[%clk 01:30:58]} {[%emt 00:00:02]} Nf6 {[%clk 01:30:23]} {[%emt
00:00:37]} 2. c4 {[%clk 01:31:23]} {[%emt 00:00:05]} g6 {[%clk 01:30:37]}
{[%emt 00:00:16]} 3. Nc3 {[%clk 01:31:48]} {[%emt 00:00:05]} Bg7 {[%clk
01:31:00]} {[%emt 00:00:07]} 4. e4 {[%clk 01:32:13]} {[%emt 00:00:05]} d6
{[%clk 01:31:19]} {[%emt 00:00:10]} 5. Nf3 {[%clk 01:32:35]} {[%emt 00:00:07]}
O-O {[%clk 01:31:39]} {[%emt 00:00:10]} 6. Bd3 {[%clk 01:32:52]} {[%emt
00:00:13]} Bg4 {[%clk 01:30:51]} {[%emt 00:01:18]} 7. Be2 {[%clk 01:32:58]}
{[%emt 00:00:24]} Nc6 {[%clk 01:17:46]} {[%emt 00:13:34]} 8. d5 {[%clk
01:33:14]} {[%emt 00:00:15]} Bxf3 {[%clk 01:16:51]} {[%emt 00:01:25]} 9. Bxf3
{[%clk 01:26:51]} {[%emt 00:06:53]} Ne5 {[%clk 01:17:02]} {[%emt 00:00:19]} 10.
Be2 {[%clk 01:26:30]} {[%emt 00:00:50]} c6 {[%clk 01:13:41]} {[%emt 00:03:51]}
11. f4 {[%clk 01:19:59]} {[%emt 00:07:01]} Ned7 {[%clk 01:14:03]} {[%emt
00:00:08]} 12. Be3 {[%clk 01:18:51]} {[%emt 00:01:38]} cxd5 {[%clk 01:08:01]}
{[%emt 00:06:32]} 13. cxd5 {[%clk 01:17:19]} {[%emt 00:02:02]} b5 {[%clk
00:40:11]} {[%emt 00:28:20]} 14. Bf3 {[%clk 01:03:38]} {[%emt 00:14:11]} Rc8
{[%clk 00:22:01]} {[%emt 00:18:40]} 15. O-O {[%clk 00:57:23]} {[%emt 00:06:44]}
a6 {[%clk 00:14:36]} {[%emt 00:07:56]} 16. Re1 {[%clk 00:53:16]} {[%emt
00:04:37]} Rc4 {[%clk 00:09:55]} {[%emt 00:05:11]} 17. a4 {[%clk 00:32:06]}
{[%emt 00:21:40]} b4 {[%clk 00:04:33]} {[%emt 00:05:52]} 18. Qb3 {[%clk
00:30:45]} {[%emt 00:01:51]} Qc7 {[%clk 00:03:39]} {[%emt 00:01:24]} 19. Nd1
{[%clk 00:20:42]} {[%emt 00:10:32]} Nxe4 {[%clk 00:02:33]} {[%emt 00:01:37]}
20. Be2 {[%clk 00:19:59]} {[%emt 00:01:13]} Rd4 {[%clk 00:00:53]} {[%emt
00:02:09]} 21. Rc1 {[%clk 00:15:14]} {[%emt 00:05:16]} Qb7 {[%clk 00:00:36]}
{[%emt 00:00:47]} 22. Bxd4 {[%clk 00:15:13]} {[%emt 00:00:31]} Bxd4+ {[%clk
00:01:00]} {[%emt 00:00:06]} 23. Kh1 {[%clk 00:14:33]} {[%emt 00:01:10]} Ndc5
{[%clk 00:00:46]} {[%emt 00:00:43]} 24. Qc4 {[%clk 00:14:16]} {[%emt 00:00:47]}
Bg7 {[%clk 00:00:38]} {[%emt 00:00:38]} 25. Bd3 {[%clk 00:04:58]} {[%emt
00:09:49]} Nd2 {[%clk 00:00:39]} {[%emt 00:00:29]} 26. Qc2 {[%clk 00:04:55]}
{[%emt 00:00:33]} Qxd5 {[%clk 00:00:33]} {[%emt 00:00:36]} 27. Qxd2 {[%clk
00:03:07]} {[%emt 00:02:18]} Nb3 {[%clk 00:00:34]} {[%emt 00:00:28]} 28. Ne3
{[%clk 00:01:42]} {[%emt 00:01:56]} Qa5 {[%clk 00:00:33]} {[%emt 00:00:32]} 29.
Nc4 {[%clk 00:01:24]} {[%emt 00:00:47]} Qc5 {[%clk 00:00:34]} {[%emt 00:00:29]}
30. Qc2 {[%clk 00:01:21]} {[%emt 00:00:33]} Nxc1 {[%clk 00:00:53]} {[%emt
00:00:11]} 31. Qxc1 {[%clk 00:01:06]} {[%emt 00:00:45]} Rc8 {[%clk 00:00:55]}
{[%emt 00:00:27]} 32. Qd2 {[%clk 00:00:57]} {[%emt 00:00:40]} Qd4 {[%clk
00:00:59]} {[%emt 00:00:25]} 33. Qe2 {[%clk 00:00:51]} {[%emt 00:00:37]} Qxf4
{[%clk 00:00:33]} {[%emt 00:00:56]} 34. Qxe7 {[%clk 00:00:33]} {[%emt
00:00:48]} Rxc4 {[%clk 00:00:32]} {[%emt 00:00:31]} 35. Bxc4 {[%clk 00:00:47]}
{[%emt 00:00:16]} Qxc4 {[%clk 00:00:56]} {[%emt 00:00:06]} 36. Qd8+ {[%clk
00:00:45]} {[%emt 00:00:32]} Bf8 {[%clk 00:01:20]} {[%emt 00:00:06]} 37. Qf6
{[%clk 00:00:56]} {[%emt 00:00:19]} Qc6 {[%clk 00:01:21]} {[%emt 00:00:29]} 38.
Rf1 {[%clk 00:00:54]} {[%emt 00:00:32]} Qe8 {[%clk 00:01:37]} {[%emt 00:00:14]}
39. b3 {[%clk 00:00:59]} {[%emt 00:00:25]} Qd7 {[%clk 00:01:20]} {[%emt
00:00:46]} 40. Qf3 {[%clk 00:00:45]} {[%emt 00:00:43]} d5 {[%clk 00:01:31]}
{[%emt 00:00:20]} 41. Rd1 {[%clk 00:22:40]} {[%emt 00:08:35]} d4 {[%clk
00:31:27]} {[%emt 00:00:33]} 42. Qe4 {[%clk 00:22:41]} {[%emt 00:00:30]} Bc5
{[%clk 00:28:37]} {[%emt 00:03:20]} 43. Qa8+ {[%clk 00:22:43]} {[%emt
00:00:28]} Kg7 {[%clk 00:28:56]} {[%emt 00:00:10]} 44. Qxa6 {[%clk 00:23:00]}
{[%emt 00:00:14]} Qe6 {[%clk 00:29:02]} {[%emt 00:00:24]} 45. Qxe6 {[%clk
00:16:06]} {[%emt 00:07:24]} fxe6 {[%clk 00:29:26]} {[%emt 00:00:06]} 46. Rc1
{[%clk 00:16:17]} {[%emt 00:00:18]} 1-0

[Event "Deutsche Ländermeisterschaft 2025"]
[Site "Oer-Erkenschwick GER"]
[Date "2025.10.02"]
[Round "3"]
[White "Schwitkowski, Luka"]
[Black "Mimkes, Antal"]
[Result "1/2-1/2"]
[Termination "normal"]
[Board "5.3"]
[WhiteElo "2119"]
[BlackElo "2116"]
[WhiteClock "00:01:50"]
[BlackClock "00:01:25"]
[WhiteTeam "Nordrhein-Westfalen 2"]
[BlackTeam "Niedersachsen"]
[PlyCount "77"]
[WhiteFideId "34610669"]
[BlackFideId "16265963"]
[EventCountry "GER"]
[EventRounds "7"]
[EventType "team-swiss"]
[EventDate "2025.09.30"]

1. c4 {[%clk 01:30:35]} {[%emt 00:00:25]} Nf6 {[%clk 01:30:47]} {[%emt
00:00:14]} 2. Nf3 {[%clk 01:31:02]} {[%emt 00:00:02]} b6 {[%clk 01:30:44]}
{[%emt 00:00:33]} 3. g3 {[%clk 01:31:23]} {[%emt 00:00:09]} Bb7 {[%clk
01:31:07]} {[%emt 00:00:07]} 4. Bg2 {[%clk 01:31:49]} {[%emt 00:00:05]} e6
{[%clk 01:31:27]} {[%emt 00:00:09]} 5. O-O {[%clk 01:30:45]} {[%emt 00:01:34]}
Be7 {[%clk 01:31:45]} {[%emt 00:00:13]} 6. b3 {[%clk 01:30:58]} {[%emt
00:00:17]} O-O {[%clk 01:31:56]} {[%emt 00:00:19]} 7. Bb2 {[%clk 01:31:21]}
{[%emt 00:00:07]} d6 {[%clk 01:30:09]} {[%emt 00:02:17]} 8. d4 {[%clk
01:31:31]} {[%emt 00:00:19]} Nbd7 {[%clk 01:28:53]} {[%emt 00:01:46]} 9. Nc3
{[%clk 01:31:37]} {[%emt 00:00:24]} Ne4 {[%clk 01:27:37]} {[%emt 00:01:47]} 10.
Qc2 {[%clk 01:30:36]} {[%emt 00:01:31]} Nxc3 {[%clk 01:25:33]} {[%emt
00:02:34]} 11. Bxc3 {[%clk 01:31:03]} {[%emt 00:00:02]} f5 {[%clk 01:09:19]}
{[%emt 00:16:45]} 12. Ng5 {[%clk 01:29:09]} {[%emt 00:02:24]} Bxg2 {[%clk
01:08:06]} {[%emt 00:01:43]} 13. Nxe6 {[%clk 01:29:29]} {[%emt 00:00:10]} Be4
{[%clk 01:08:15]} {[%emt 00:00:20]} 14. Qd2 {[%clk 01:29:59]} Qc8 {[%clk
01:06:12]} {[%emt 00:02:34]} 15. d5 {[%clk 01:30:27]} f4 {[%clk 01:03:49]}
{[%emt 00:02:54]} 16. f3 {[%clk 01:28:11]} {[%emt 00:02:47]} Bf5 {[%clk
00:52:32]} {[%emt 00:11:47]} 17. Nxf8 {[%clk 01:24:20]} {[%emt 00:04:20]} Nxf8
{[%clk 00:52:16]} {[%emt 00:00:47]} 18. Qxf4 {[%clk 01:23:26]} {[%emt
00:01:23]} Ng6 {[%clk 00:50:17]} {[%emt 00:02:29]} 19. Qd2 {[%clk 01:23:11]}
{[%emt 00:00:46]} Bh3 {[%clk 00:46:36]} {[%emt 00:04:11]} 20. Rf2 {[%clk
01:23:30]} {[%emt 00:00:11]} Qd7 {[%clk 00:43:03]} {[%emt 00:04:03]} 21. e4
{[%clk 01:20:41]} {[%emt 00:03:19]} Rf8 {[%clk 00:30:07]} {[%emt 00:13:26]} 22.
Re1 {[%clk 01:12:31]} {[%emt 00:08:39]} h5 {[%clk 00:25:44]} {[%emt 00:04:54]}
23. f4 {[%clk 00:50:55]} {[%emt 00:22:06]} h4 {[%clk 00:21:06]} {[%emt
00:05:09]} 24. Qd1 {[%clk 00:49:19]} {[%emt 00:02:05]} Bg4 {[%clk 00:13:24]}
{[%emt 00:08:12]} 25. Qd4 {[%clk 00:46:18]} {[%emt 00:03:31]} Rf7 {[%clk
00:10:28]} {[%emt 00:03:27]} 26. b4 {[%clk 00:28:41]} {[%emt 00:18:06]} Bf6
{[%clk 00:05:17]} {[%emt 00:05:42]} 27. e5 {[%clk 00:22:36]} {[%emt 00:06:35]}
dxe5 {[%clk 00:05:12]} {[%emt 00:00:34]} 28. fxe5 {[%clk 00:23:01]} {[%emt
00:00:06]} Nxe5 {[%clk 00:02:48]} {[%emt 00:02:54]} 29. Rxe5 {[%clk 00:23:13]}
{[%emt 00:00:17]} Bxe5 {[%clk 00:03:10]} {[%emt 00:00:08]} 30. Qxe5 {[%clk
00:23:41]} {[%emt 00:00:01]} Rxf2 {[%clk 00:02:31]} {[%emt 00:01:10]} 31. Kxf2
{[%clk 00:24:10]} {[%emt 00:00:01]} Qf7+ {[%clk 00:02:32]} {[%emt 00:00:29]}
32. Qf4 {[%clk 00:23:58]} {[%emt 00:00:42]} Qg6 {[%clk 00:01:51]} {[%emt
00:01:11]} 33. gxh4 {[%clk 00:19:42]} {[%emt 00:04:45]} Bh3 {[%clk 00:02:04]}
{[%emt 00:00:18]} 34. Qf3 {[%clk 00:18:11]} {[%emt 00:02:01]} Bg4 {[%clk
00:01:40]} {[%emt 00:00:55]} 35. Qe3 {[%clk 00:16:16]} {[%emt 00:02:24]} Qf5+
{[%clk 00:00:35]} {[%emt 00:01:36]} 36. Kg3 {[%clk 00:15:22]} {[%emt 00:01:21]}
Qg6 {[%clk 00:00:40]} {[%emt 00:00:28]} 37. Kf2 {[%clk 00:04:40]} {[%emt
00:11:12]} Qf5+ {[%clk 00:01:02]} {[%emt 00:00:08]} 38. Kg3 {[%clk 00:03:10]}
{[%emt 00:02:00]} Qg6 {[%clk 00:01:25]} {[%emt 00:00:07]} 39. Kf2 {[%clk
00:01:50]} {[%emt 00:01:49]} 1/2-1/2